লোডিং...

Rise of Russia

গ্রন্থ-পঞ্জীর বিবরন
প্রধান লেখক: Wallace, Robert
বিন্যাস: Printed Book
ভাষা:English
প্রকাশিত: Nederland Time-Life International 1969
মালা:(Great ages of man)
বিষয়গুলি:
LEADER 00552nam a22001697a 4500
005 20151026130249.0
008 090928t xxu||||| |||| 00| 0 eng d
080 |a 930.85  |b GRE/RI 
100 |a Wallace, Robert   |9 5597 
245 |a Rise of Russia 
260 |a Nederland  |b Time-Life International   |c 1969  |9 5598 
300 |a 183p., illus. 
490 |a (Great ages of man)  
653 |a Russia-Civilization 
942 |c REF  |6 _ 
999 |c 2534  |d 2534 
952 |0 0  |1 0  |2 udc  |4 0  |6 93085_GRERI  |7 0  |9 11705  |a UL  |b UL  |d 2009-09-28  |o 930.85 GRE/RI  |p 00013571  |r 2009-09-28  |w 2009-09-28  |y REF